名前に「赤」がつく駅 - Statistics

General Stats
  • This quiz has been taken 97 times
  • The average score is 23 of 55
Answer Stats
Hint Answer % Correct
平成筑豊鉄道田川線
100%
埼京線京浜東北線 他 赤羽
89%
東京メトロ千代田線 赤坂
86%
上毛電鉄 赤坂
86%
富士急行線 赤坂
86%
福岡市営地下鉄空港線 赤坂
86%
埼京線 北赤羽
84%
東京メトロ南北線埼玉高速鉄道 赤羽岩淵
83%
東京メトロ銀座線東京メトロ丸ノ内線 赤坂見附
81%
常磐線 赤塚
75%
赤穂線 播州赤穂
72%
東京メトロ有楽町線東京メトロ副都心線 地下鉄赤塚
72%
山形新幹線奥羽本線 山形鉄道フラワー長井線 赤湯
70%
磐越東線 赤井
69%
名鉄豊田線地下鉄鶴舞線 赤池
59%
都営大江戸線 赤羽橋
59%
長良川鉄道 赤池
59%
平成筑豊鉄道伊田線 赤池
59%
東武桐生線上毛電鉄 赤城
53%
東武東上線 下赤塚
50%
日暮里・舎人ライナー 赤土小学校前
45%
鹿児島本線 赤間
44%
ゆいレール 赤嶺
42%
函館本線 赤井川
38%
大湊線 赤川
36%
名鉄名古屋本線 名電赤坂
36%
近鉄大阪線 赤目口
36%
根室本線 赤平
34%
名古屋市営地下鉄東山線 中村日赤
34%
名古屋市営地下鉄名城線 八事日赤
34%
山陰本線 赤碕
33%
東海道本線 美濃赤坂
31%
近鉄志摩線 志摩赤崎
31%
田沢湖線 赤渕
30%
広島電鉄宇品線 日赤病院前
28%
飯田線 赤木
27%
仙石線 陸前赤井
23%
四日市あすなろう鉄道内部線 赤堀
23%
土佐くろしお鉄道ごめん・なはり線 赤野
20%
越後線 越後赤塚
19%
山陽本線 備後赤坂
19%
豊橋鉄道東田本線 赤岩口
19%
長崎電気軌道 赤迫
19%
三角線 赤瀬
17%
福井鉄道福武線 赤十字前
17%
花輪線 赤坂田
16%
予讃線 赤星
16%
五能線 陸奥赤石
14%
陸羽東線 赤倉温泉
14%
三陸鉄道リアス線 陸前赤崎
14%
牟岐線 阿波赤石
11%
豊肥本線 赤水
11%
養老鉄道 東赤坂
9%
伊予鉄道市内線 赤十字病院前
9%
上田電鉄別所線 赤坂上
8%
No matching quizzes found
Score Distribution
Percent of People with Each Score
Percentile by Number Answered
Your Score History
You have not taken this quiz